<?xml version="1.0" encoding="UTF-8"?><?xml-stylesheet type="text/xsl" href="static/style.xsl"?><OAI-PMH xmlns="http://www.openarchives.org/OAI/2.0/" xmlns:xsi="http://www.w3.org/2001/XMLSchema-instance" xsi:schemaLocation="http://www.openarchives.org/OAI/2.0/ http://www.openarchives.org/OAI/2.0/OAI-PMH.xsd"><responseDate>2026-04-13T01:10:58Z</responseDate><request verb="GetRecord" identifier="oai:www.recercat.cat:2099.1/12646" metadataPrefix="marc">https://recercat.cat/oai/request</request><GetRecord><record><header><identifier>oai:recercat.cat:2099.1/12646</identifier><datestamp>2025-07-22T17:51:42Z</datestamp><setSpec>com_2072_1033</setSpec><setSpec>col_2072_452951</setSpec></header><metadata><record xmlns="http://www.loc.gov/MARC21/slim" xmlns:dcterms="http://purl.org/dc/terms/" xmlns:xsi="http://www.w3.org/2001/XMLSchema-instance" xmlns:doc="http://www.lyncode.com/xoai" xsi:schemaLocation="http://www.loc.gov/MARC21/slim http://www.loc.gov/standards/marcxml/schema/MARC21slim.xsd">
   <leader>00925njm 22002777a 4500</leader>
   <datafield ind2=" " ind1=" " tag="042">
      <subfield code="a">dc</subfield>
   </datafield>
   <datafield ind2=" " ind1=" " tag="720">
      <subfield code="a">Carmona Vega, Laia</subfield>
      <subfield code="e">author</subfield>
   </datafield>
   <datafield ind2=" " ind1=" " tag="260">
      <subfield code="c">2010-10-19</subfield>
   </datafield>
   <datafield ind2=" " ind1=" " tag="520">
      <subfield code="a">La huella hídrica es un indicador del consumo de agua dulce que permite relacionar el consumo humano de agua dulce con los recursos hídricos existentes. A escala mundial, la mayor parte del agua consumida o contaminada por el hombre se destina a la producción agrícola.&#xd;
Las componentes verde y azul de la huella hídrica de la agricultura de los diferentes países del mundo han sido extensamente estudiadas y calculadas por diferentes autores, pero la componente gris (componente que refleja la contaminación resultante de la realización de la actividad) de la agricultura, se ha estudiado hasta la fecha, con menos profundidad.&#xd;
El objetivo fundamental de la tesina es realizar una investigación sobre la componente gris en la huella hidrológica de los países. Para ello, se realiza una estimación de la huella hídrica gris de la agricultura a partir de las tasas de aplicación de fertilizantes o de pesticidas en los cultivos, que son las principales fuentes de contaminación de agua generadas por el sector agrícola.&#xd;
Para realizar dicha estimación se siguen los siguientes pasos:&#xd;
En primer lugar, se establece una metodología de cálculo y se calcula la huella hídrica gris generada por los cultivos de los diferentes países del mundo a partir de la tasa de aplicación de fertilizantes y los rendimientos de dichos cultivos.&#xd;
En segundo lugar, se establece una metodología de cálculo de la huella hídrica gris generada por el sector agrícola de los diferentes países del mundo a partir de la tasa de aplicación de pesticidas en los cultivos de dichos países, los rendimientos de sus cultivos y el nivel de desarrollo de los países. Además, se calcula la huella hídrica gris generada, por la aplicación de estos productos contaminantes.&#xd;
Finalmente, se realiza una comparativa entre los resultados obtenidos a partir de ambos métodos de cálculo, para determinar la efectividad de la introducción del efecto de los pesticidas en el cálculo de la huella hídrica gris de la agricultura.&#xd;
Las principales conclusiones extraídas son, primero, que debe realizarse el cálculo de la componente gris a partir de las dos metodologías establecidas y la mayor de las dos huellas hídricas calculadas, será la huella hídrica gris de la agricultura.&#xd;
Segundo, que la introducción de la componente gris en el cálculo de la huella hídrica de la agricultura introduce una gran cantidad de agua en el modelo, pero permite conocer el volumen de agua necesario para asumir la actividad agrícola y realizar una comparación, más ajustada, entre los diferentes países.</subfield>
   </datafield>
   <datafield tag="653" ind2=" " ind1=" ">
      <subfield code="a">Àrees temàtiques de la UPC::Enginyeria civil</subfield>
   </datafield>
   <datafield tag="653" ind2=" " ind1=" ">
      <subfield code="a">Àrees temàtiques de la UPC::Enginyeria civil::Enginyeria hidràulica, marítima i sanitària</subfield>
   </datafield>
   <datafield tag="653" ind2=" " ind1=" ">
      <subfield code="a">Water consumption</subfield>
   </datafield>
   <datafield tag="653" ind2=" " ind1=" ">
      <subfield code="a">Water -- Pollution</subfield>
   </datafield>
   <datafield tag="653" ind2=" " ind1=" ">
      <subfield code="a">Water resources development</subfield>
   </datafield>
   <datafield tag="653" ind2=" " ind1=" ">
      <subfield code="a">cultivo</subfield>
   </datafield>
   <datafield tag="653" ind2=" " ind1=" ">
      <subfield code="a">nivel de desarrollo</subfield>
   </datafield>
   <datafield tag="653" ind2=" " ind1=" ">
      <subfield code="a">pesticidas</subfield>
   </datafield>
   <datafield tag="653" ind2=" " ind1=" ">
      <subfield code="a">fertilizantes</subfield>
   </datafield>
   <datafield tag="653" ind2=" " ind1=" ">
      <subfield code="a">rendimiento</subfield>
   </datafield>
   <datafield tag="653" ind2=" " ind1=" ">
      <subfield code="a">Huella hídrica gris</subfield>
   </datafield>
   <datafield tag="653" ind2=" " ind1=" ">
      <subfield code="a">Aigua -- Consum</subfield>
   </datafield>
   <datafield tag="653" ind2=" " ind1=" ">
      <subfield code="a">Aigua -- Contaminació</subfield>
   </datafield>
   <datafield tag="653" ind2=" " ind1=" ">
      <subfield code="a">Recursos hidràulics -- Explotació</subfield>
   </datafield>
   <datafield ind2="0" ind1="0" tag="245">
      <subfield code="a">Estimación de la huella hídrica gris de la agricultura teniendo en cuenta el efecto de fertilizantes y pesticidas</subfield>
   </datafield>
</record></metadata></record></GetRecord></OAI-PMH>